000
00294nam a22001337a 4500
082
_a
823
_b
JAI/B
100
_a
JAIN, KULDEEP
245
_a
PUSS IN BOOTS
246
_a
PUSS IN BOOTS
_b
PUSS IN BOOTS
260
_a
NEW DELHI
_b
PEGASUS
_c
2025
300
_a
16
650
_a
ENGLISH STORY
942
_c
BK
999
_c
9148
_d
9148